Advances in cell and molecular biology. V 2 (Record no. 34402)

MARC details
000 -LEADER
fixed length control field 00353nam a2200133Ia 4500
082 ## - DEWEY DECIMAL CLASSIFICATION NUMBER
Classification number 576.32/.36
Item number DUP.2
245 #0 - TITLE STATEMENT
Title Advances in cell and molecular biology. V 2
260 ## - PUBLICATION, DISTRIBUTION, ETC. (IMPRINT)
Place of publication New York
Name of publisher Academic
Year of publication 1972
650 ## - SUBJECT ADDED ENTRY--TOPICAL TERM
Topical Term Cell biology
650 ## - SUBJECT ADDED ENTRY--TOPICAL TERM
Topical Term Molecular biology
700 ## - ADDED ENTRY--PERSONAL NAME
Personal name DUPRAW, E J
942 ## - ADDED ENTRY ELEMENTS (KOHA)
Koha item type Books
Holdings
Withdrawn status Lost status Damaged status Not for loan Home library Current library Date acquired Full call number Accession Number Koha item type
        RRII Library RRII Library 16/12/2021 576.32/.36 DUP.2 14840 Books